UCL Quiz - Statistics

General Stats
  • This quiz has been taken 1,015 times
  • The average score is 5 of 10
Answer Stats
Question Answer % Correct
Which team won the most UCL titles? Real Madrid
99%
Which of these teams did not win the UCL in the 21st century? Juventus
81%
Which Brazilian footballer scored the most goals in the UCL? Neymar
71%
How many clubs have won the UCL? 22
53%
The oldest player to score in UCL? Totti
49%
The fastest goal in UCL Roy Makkay
48%
Which player has the most assists in UCL? Cristiano Ronaldo
44%
Which of these players has won the UCL the most times? Paco Gento
35%
Which of these players scored the fewest goals in the UCL? Rivaldo
23%
Which Liverpool player scored the most goals in UCL? Steven Gerrard
17%
No matching quizzes found
Score Distribution
Percent of People with Each Score
Percentile by Number Answered
Your Score History
You have not taken this quiz